Statistiques concernant Quel est le nom de ce projet ? Rap FR

Cliquez ici pour prendre le quiz!

Statistiques générales

  • Ce quiz a été pris 48 fois
  • Le résultat moyen est 12 sur 30

Statistiques - réponses

Réponse% Correct
Deux frères
88%
Commando
75%
Lithopédion
75%
Les Étoiles vagabondes
73%
ADC
70%
Une main lave l'autre
68%
La fête est finie
65%
KMT
63%
Sincèrement
63%
TRINITY
60%
Comme prévu
55%
ERRR
50%
Mélo
45%
Carré
40%
Le monde est méchant
40%
Bitume Caviar
35%
Survie
33%
Nouvelle ère
23%
Réelle vie 3.0
23%
Bon courage
20%
MHD
20%
AMBITION
18%
Tombolo
15%
Trop tôt pour mourir
15%
TVX
10%
Infinigga
5%
Jul
3%
Professeur Punchline
3%
Sang froid
3%
La vie avant la mort
0%

Distribution des résultats

Percentile par nombre de réponses

% des personnes avec chaque résultat

Votre développement - résultats

Vous n’avez pas pris ce quiz